Variability in Utilization of Information Systems on Management of Public Secondary Schools in Nyamira County,Kenya (Record no. 215988)

MARC details
000 -LEADER
fixed length control field 00667nam a22001577a 4500
008 - FIXED-LENGTH DATA ELEMENTS--GENERAL INFORMATION
fixed length control field 250806b |||||||| |||| 00| 0 eng d
050 ## - LIBRARY OF CONGRESS CALL NUMBER
Classification number THE LB 2806 .M66 2018
Item number C.1
100 ## - MAIN ENTRY--PERSONAL NAME
Personal name Momanyi, Charles Ocharo
245 ## - TITLE STATEMENT
Title Variability in Utilization of Information Systems on Management of Public Secondary Schools in Nyamira County,Kenya
260 ## - PUBLICATION, DISTRIBUTION, ETC.
Place of publication, distribution, etc. Kisii
Name of publisher, distributor, etc. Kisii University
Date of publication, distribution, etc. 2018
300 ## - PHYSICAL DESCRIPTION
Extent xix, 251p.:ill.
500 ## - GENERAL NOTE
General note Includes bibliographical references
650 ## - SUBJECT ADDED ENTRY
Topical term or geographic name entry element 1. School management and organization - Kenya. 2. Information systems - Educational applications. 3. Public schools - Kenya - Administration.
942 ## - ADDED ENTRY ELEMENTS (KOHA)
Source of classification or shelving scheme Library of Congress Classification
Koha item type Reference
Holdings
Withdrawn status Lost status Source of classification or shelving scheme Damaged status Not for loan Collection Home library Current library Date acquired Inventory number Total checkouts Full call number Barcode Date last seen Copy number Price effective from Koha item type
    Library of Congress Classification     Special Research Kisii University Library Kisii University Library 08/06/2025 109407   THE LB 2806 .M66 2018 000000023560 08/06/2025 C.1 08/06/2025 Reference